[Event "POL-chT3 Kujawsko-Pomorskie 2223"]
[Site "Poland"]
[Date "2023.??.??"]
[Round "4.6"]
[White "Blajet, Radoslaw"]
[Black "Rzhevutsky, Jan"]
[Result "0-1"]
[WhiteElo "1821"]
[BlackElo "1715"]
[PlyCount "88"]
[EventDate "2022.11.13"]
[EventType "team-swiss"]
[EventRounds "7"]
[EventCountry "POL"]
[SourceTitle "EXT 2024"]
[Source "ChessBase"]
[SourceDate "2023.10.10"]
[SourceVersion "1"]
[SourceVersionDate "2023.10.10"]
[SourceQuality "1"]

1. d4 f5 2. g3 Nf6 3. Bg2 e6 4. Nh3 d6 5. Nc3 d5 6. 0-0 c5 7. dxc5 Bxc5 8. Nf4 Bd7 9. Nd3 Bd6 10. Bf4 Bxf4 11. Nxf4 Qb6 12. Qd2 Nc6 13. Nd3 Ne4 14. Bxe4 fxe4 15. Nf4 Ne5 16. Nfxd5 exd5 17. Nxd5 Qc5 18. Rad1 0-0 19. Qg5 Rae8 20. b4 Qd6 21. Kg2 Bc6 22. Ne3 Qxb4 23. Nf5 Ng6 24. h4 e3+ 25. f3 Qb5 26. Nd4 Qxg5 27. hxg5 Re5 28. Nxc6 bxc6 29. f4 Rc5 30. Rc1 Rc3 31. Rfd1 Ra3 32. Ra1 Ne7 33. Rd3 Rxd3 34. cxd3 Nd5 35. Rc1 Rc8 36. Rc5 Kf7 37. Kf3 Ke6 38. Ra5 Rc7 39. Ra6 g6 40. Ke4 Kd6 41. a3 Kc5 42. Ra5+ Kb6 43. Rxd5 cxd5+ 44. Kxd5 Rc2 0-1

[Event "POL-chT3 Kujawsko-Pomorskie 2223"]
[Site "Poland"]
[Date "2022.??.??"]
[Round "3.16"]
[White "Rzhevutsky, Jan"]
[Black "Bieluszewski, Robert"]
[Result "1-0"]
[WhiteElo "1715"]
[BlackElo "1816"]
[PlyCount "75"]
[EventDate "2022.11.13"]
[EventType "team-swiss"]
[EventRounds "7"]
[EventCountry "POL"]
[SourceTitle "EXT 2024"]
[Source "ChessBase"]
[SourceDate "2023.10.10"]
[SourceVersion "1"]
[SourceVersionDate "2023.10.10"]
[SourceQuality "1"]

1. e4 e5 2. Nf3 Nc6 3. d4 exd4 4. Bc4 Nf6 5. e5 d5 6. Bb5 Ne4 7. Nxd4 Bd7 8. Bxc6 bxc6 9. 0-0 Bc5 10. f3 Ng5 11. Be3 0-0 12. f4 Ne4 13. Nd2 Nxd2 14. Qxd2 Qe7 15. Rae1 Bxd4 16. Qxd4 f6 17. Qc3 Rfe8 18. Bd4 fxe5 19. Rxe5 Qh4 20. Rg5 g6 21. Bf6 Qh6 22. f5 Re4 23. fxg6 hxg6 24. Qg3 Be8 25. Qxc7 Qh7 26. Qd6 Bf7 27. Rg3 Be6 28. Bd8 Qg7 29. Rf6 Kh7 30. Rgxg6 Qxg6 31. Rxg6 Kxg6 32. h3 Rc8 33. g4 c5 34. Qe7 d4 35. Qf6+ Kh7 36. g5 c4 37. Qh6+ Kg8 38. Qg6+ 1-0